Jüngste Länder der Welt - Statistiken

Allgemein
  • Dieses Quiz wurde 117 mal gespielt
  • Das Durchschnittsergebnis liegt bei 5 aus 10
Antwortstatistiken
Land Jahr % Korrekt
Südsudan 2011
91%
Kosovo 2008
85%
Serbien 2006
68%
Montenegro 2006
66%
Kroatien 1995
51%
Osttimor 2002
46%
Slowakei 1993
43%
Tschechien 1993
39%
Eritrea 1993
28%
Palau 1994
20%
Keine übereinstimmenden Quizze gefunden
Verteilung der Resultate
Anzahl Personen mit jedem Resultat
Perzentil nach korrekt beantworteten Fragen
Ihre Resultats-Entwicklung
Sie haben dieses Quiz noch nicht gespielt